Praca kierownicza w nowoczesnym zarządzaniu

Gespeichert in:
Bibliographische Detailangaben
Weitere Verfasser: Krzakiewicz, Kazimierz
Format: Buch
Sprache:Polnisch
Englisch
Veröffentlicht: Poznań Wydawnictwo Uniwersytetu Ekonomicznego w Poznaniu 2011
Schriftenreihe:Zeszyty naukowe 189
Schlagworte:
Tags: Tag hinzufügen
Keine Tags, Fügen Sie das erste Tag hinzu!

MARC

LEADER 00000nam a2200000 4500
001 0143528
005 20240109073625.4
020 |a 978-83-7417-607-1 
022 |a 1689-7374 
041 0 |a pol 
041 0 |a eng 
044 |a PL 
245 1 0 |a Praca kierownicza w nowoczesnym zarządzaniu  |c redaktor naukowy Kazimierz Krzakiewicz 
264 1 |a Poznań  |b Wydawnictwo Uniwersytetu Ekonomicznego w Poznaniu  |c 2011 
300 |a 208 s. 
490 1 |a Zeszyty naukowe  |v 189 
830 0 |a Zeszyty naukowe  |v 189 
610 2 0 |a riadenie podnikové 
610 2 0 |a manažment 
610 2 0 |a riadenie strategické 
610 2 0 |a Poľsko 
700 1 |a Krzakiewicz, Kazimierz